| 000 | 00450nam a22001697a 4500 | ||
|---|---|---|---|
| 003 | SGT | ||
| 020 | _a978194488355 | ||
| 082 |
_a618.92 _bP20A |
||
| 100 | _aAEVEDSON, JOAN L. | ||
| 245 | _aPEDIATRIC SWALLOWING AND FEEDING ASSESSMENT AND MANAGEMENT | ||
| 250 | _a3RD | ||
| 260 |
_aSAN DIEGO _bPLURAL PUB _c2020 |
||
| 300 | _a602 | ||
| 650 | _aPEDIATRICS | ||
| 653 | _aPEDIATRIC SWALLOWING AND FEEDING ASSESSMENT AND MANAGEMENT | ||
| 942 |
_2ddc _cBK |
||
| 999 |
_c26997 _d26997 |
||